000
00506nam a2200169Ia 4500
008
090711s9999 xx 000 0 und d
082
_b
10488
100
_a
माण्डवकर भाऊ
245
_a
दक्षिण - दर्शन
260
_c
1961
300
_a
160
600
_a
माण्डवकर भाऊ
630
_a
दक्षिण - दर्शन
700
_a
माण्डवकर भाऊ
730
_a
दक्षिण - दर्शन
942
_c
BOOK
999
_c
295359
_d
295359